Chachi / (Registro nro. 8752)
[ vista simple ]
| 000 -LIDER | |
|---|---|
| fixed length control field | 00901nam a22003137a 4500 |
| 001 - NÚMERO DE CONTROL | |
| Identificador de número de control | 0128 |
| 003 - IDENTIFICACDOR DE NÚMERO DE CONTROL | |
| control field | DO-SdBNP |
| 005 - DATE AND TIME OF LATEST TRANSACTION | |
| control field | 20180119133623.0 |
| 007 - CAMPOS FIJOS DE DESCRIPCIÓN FÍSICA | |
| fixed length control field | 0128 |
| 008 - ELEMENTOS DE LONGITUD FIJA | |
| fixed length control field | 151112b 1994 sp 000 spa d |
| 020 ## - ISBN | |
| International Standard Book Number | 8421622773 |
| 040 ## - FUENTE DE CATALOGACIÓN | |
| Agencia que crea de manera original el registro | BPMSU |
| Idioma de catalogación | spa |
| Agencia que realiza la transcripción | BPMSU |
| 092 ## - LOCALLY ASSIGNED DEWEY DECIMAL CALL NUMBER | |
| Número de clasificación | xxxx |
| Número de ítem (Cutter) | xxxx |
| 100 1# - ASIENTO PRINCIPAL -- NOMBRE PERSONAL | |
| Nombre personal | Nöstlinger, Christine, |
| Fechas asociadas con el nombre | 1936- |
| 240 10 - TITULO UNIFORME | |
| Título uniforme | Der wauga. / |
| Idioma de una obra | gw |
| 245 10 - MENCIÓN DE TITULO | |
| Título | Chachi / |
| Mención de responsabilidad | Christine Nöstlinger ; ilustración María Fe González ; traducción Margarita Mohr |
| 260 ## - PUBLICACIÓN, DISTRIBUCIÓN, ETC. (PIE DE IMPRENTA) | |
| Lugar de publicación, distribución, etc | Madrid : |
| Nombre del editor, distribuidor, etc. | Bruño, |
| Fecha de publicación, distribución, etc | 1994. |
| 300 ## - DESCRIPCIÓN FÍSICA | |
| Extensión | 153 p. |
| Otros detalles físicos | il. ; |
| Dimensiones | 19 cm. |
| 490 1# - MENCIÓN DE SERIES | |
| Mención de serie | Alta mar |
| Volume/sequential designation | 85 |
| 500 ## - NOTA GENERAL | |
| Nota general | Incluye datos biográficos del autor. |
| 586 ## - AWARDS NOTE | |
| Awards note | Premio Andersen 1984. |
| 700 12 - ASIENTO SECUNDARIO -- NOMBRE PERSONAL | |
| Nombre personal | González, María Fe, |
| Mención de responsabilidad | il. |
| 700 12 - ASIENTO SECUNDARIO -- NOMBRE PERSONAL | |
| Nombre personal | Mohr, Margarita |
| Mención de responsabilidad | trad. |
| 830 #0 - ASIENTO SECUNDARIO DE SERIE--TÍTULO UNIFORME | |
| Título uniforme | Alta mar |
| Número de la parte o sección de una obra | 85 |
| 910 ## - VALIDACIÓN | |
| Validación | 202 |
| 942 ## - ADDED ENTRY ELEMENTS (KOHA) | |
| Source of classification or shelving scheme | Dewey Decimal Classification |
| Koha item type | Libros |
| 945 ## - INFORMACIÓN DE PROCESAMIENTO LOCAL | |
| Información de procesamiento local | Inventariado, 2018 / YL |
| 956 ## - LOCAL ELECTRONIC LOCATION AND ACCESS (OCLC) | |
| Nombre de host | Yngrid Lockward |
| Número de acceso | 10 |
| Información de compresión | BPMSU |
| Withdrawn status | Lost status | Source of classification or shelving scheme | Damaged status | Not for loan | Collection code | Home library | Current library | Date acquired | Source of acquisition | Total Checkouts | Barcode | Date last seen | Price effective from | Koha item type |
|---|---|---|---|---|---|---|---|---|---|---|---|---|---|---|
| Dewey Decimal Classification | Colección Juvenil General | Biblioteca Pública Metropolitana Salomé Ureña | Biblioteca Pública Metropolitana Salomé Ureña | 11/17/2015 | Donación | BPMsu15110315 | 11/17/2015 | 11/17/2015 | Libros |